The American Economy: A Historical Encyclopedia Volume 1

Đã lưu trong:
Chi tiết về thư mục
Định dạng: Sách
Ngôn ngữ:English
Được phát hành: 2003
Các nhãn: Thêm thẻ
Không có thẻ, Là người đầu tiên thẻ bản ghi này!
Thư viện lưu trữ: Mạng thư viện Đại học Đà Nẵng
LEADER 00654clm a22002531a 4500
001 000035011
003 11270
005 20151201000000.0
008 151027s2003 xxu 000 eng
020 |a 1-57607-867-1 
041 |a eng 
082 |a 917  |2 Volume 1 
245 |a The American Economy: A Historical Encyclopedia  |c Cynthia Clark Northrup  |n Volume 1 
260 |c 2003 
OWN |a LNN 
999 |a From the UDN01 
TYP |a Monograph 
980 |a Mạng thư viện Đại học Đà Nẵng